<?xml version="1.0" encoding="UTF-8"?>
<record
    xmlns:xsi="http://www.w3.org/2001/XMLSchema-instance"
    xsi:schemaLocation="http://www.loc.gov/MARC21/slim http://www.loc.gov/standards/marcxml/schema/MARC21slim.xsd"
    xmlns="http://www.loc.gov/MARC21/slim">

  <leader>00820nam a22001457a 4500</leader>
  <datafield tag="999" ind1=" " ind2=" ">
    <subfield code="c">523474</subfield>
    <subfield code="d">523474</subfield>
  </datafield>
  <controlfield tag="008">230905b           ||||| |||| 00| 0 eng d</controlfield>
  <datafield tag="100" ind1=" " ind2=" ">
    <subfield code="a">Mishra, Shaliesh Kumar and Tiwari, Dheeraj Kumar </subfield>
    <subfield code="9">43174</subfield>
  </datafield>
  <datafield tag="245" ind1=" " ind2=" ">
    <subfield code="a">Sweet revolution a boom in honey production </subfield>
  </datafield>
  <datafield tag="260" ind1=" " ind2=" ">
    <subfield code="a">Yojana (Special issue) </subfield>
  </datafield>
  <datafield tag="300" ind1=" " ind2=" ">
    <subfield code="a">67(8), Aug, 2023: p.59-62</subfield>
  </datafield>
  <datafield tag="520" ind1=" " ind2=" ">
    <subfield code="a">Sweet revolution is an initiative of the government of India, which is aimed at promoting apiculture, popularly known as &#x2018;beekeeping&#x2019;, for accelerating th4e production of quality honey and other related products. Beekeeping is a low-investment and highly-skilled enterprise model, in which technology application has emerged as a great enabler for socio-economic growth. &#x2013; Reproduced </subfield>
  </datafield>
  <datafield tag="773" ind1=" " ind2=" ">
    <subfield code="a">Yojana (Special issue) </subfield>
  </datafield>
  <datafield tag="906" ind1=" " ind2=" ">
    <subfield code="a">AGRICULTURE</subfield>
  </datafield>
  <datafield tag="942" ind1=" " ind2=" ">
    <subfield code="c">AR</subfield>
  </datafield>
  <datafield tag="952" ind1=" " ind2=" ">
    <subfield code="0">0</subfield>
    <subfield code="1">0</subfield>
    <subfield code="2">ddc</subfield>
    <subfield code="4">0</subfield>
    <subfield code="7">0</subfield>
    <subfield code="9">398519</subfield>
    <subfield code="a">IIPA</subfield>
    <subfield code="b">IIPA</subfield>
    <subfield code="d">2023-09-05</subfield>
    <subfield code="h">67(8), Aug, 2023: p.59-62</subfield>
    <subfield code="p">AR129388</subfield>
    <subfield code="r">2023-09-05</subfield>
    <subfield code="y">AR</subfield>
  </datafield>
</record>
